[Event "Game"]
[Site "http://www.queenalice.com/game.php?id=101375"]
[Date "2006.9.1"]
[Round "-"]
[White "Soncini"]
[Black "denisaja"]
[Result "0-1"]
[WhiteElo "2000"]
[BlackElo "2075"]

1. d4 f5 2. Nc3 Nf6 3. Bf4 e6 4. Nf3 Bb4 5. a3 Bxc3+ 6. bxc3 Ne4 7. Qd3 O-O 8.
Nd2 g5 9. Nxe4 fxe4 10. Bxg5 exd3 11. Bxd8 dxe2 12. Bxe2 Rxd8 13. f4 Nc6 14. Kd2
Rf8 15. Rhf1 Ne7 16. c4 Nf5 17. c3 b6 18. g4 Nd6 19. d5 Ba6 20. dxe6 dxe6 21.
Ke3 Nxc4+ 22. Bxc4 Bxc4 23. Rfd1 c5 24. Ke4 a5 25. f5 exf5+ 26. gxf5 Rae8+ 27.
Kf4 Re2 28. Rg1+ Kh8 29. Rg5 Rxh2 30. Rd1 Rf2+ 31. Ke5 Re8+ 32. Kf6 Re6+ 0-1

[Event "QA-ANNIV-02"]
[Site "http://www.queenalice.com/game.php?id=106450"]
[Date "2006.9.15"]
[Round "3"]
[White "salazar"]
[Black "denisaja"]
[Result "1-0"]
[WhiteElo "2059"]
[BlackElo "2088"]

1. e4 e5 2. Nf3 Nc6 3. Bc4 Bc5 4. c3 Nf6 5. d4 exd4 6. cxd4 Bb4+ 7. Bd2 Bxd2+ 8.
Nbxd2 d5 9. exd5 Nxd5 10. O-O O-O 11. Qb3 Nf6 12. Ng5 Qd7 13. Ndf3 h6 14. Nxf7
Rxf7 15. Ne5 Nxe5 16. dxe5 Qe8 17. exf6 Qf8 18. Bxf7+ Qxf7 19. Qxf7+ Kxf7 20.
fxg7 Kxg7 21. Rfe1 Kf7 22. Rad1 Be6 23. b3 Rg8 24. Rd3 Rg4 25. h3 Rf4 26. Ree3
Rb4 27. a3 Rb5 28. b4 a5 29. bxa5 Rxa5 30. Rd4 Bd5 31. Rf4+ Kg6 32. Rg3+ Kh7 33.
Rf5 c6 34. Re5 b6 35. Re7+ Kh8 36. Rge3 b5 37. Rc7 Ra8 38. Ree7 Kg8 39. Ra7 Rxa7
40. Rxa7 Bb3 41. Kf1 c5 42. Ke1 Ba4 43. Kd2 Bb3 44. Kc3 Bd1 45. Rc7 c4 46. Kb4
Ba4 47. Ra7 Kh8 48. Rxa4 bxa4 49. Kxa4 Kg7 50. Kb4 c3 51. Kxc3 h5 52. a4 Kf6 53.
a5 Ke5 54. a6 Ke4 55. a7 Kf5 56. a8=Q h4 57. Kd4 Ke6 58. Qd5+ 1-0

[Event "AUTO-OPEN-203"]
[Site "http://www.queenalice.com/game.php?id=110134"]
[Date "2006.9.26"]
[Round "3"]
[White "musampa"]
[Black "denisaja"]
[Result "0-1"]
[WhiteElo "1951"]
[BlackElo "2087"]

1. f4 d5 2. e3 c5 3. Bb5+ Bd7 4. Bxd7+ Qxd7 5. d3 Nf6 6. h3 e6 7. Nf3 Bd6 8. O-O
Nc6 9. c3 O-O 10. b3 Qd8 11. a3 Qb6 12. b4 cxb4 13. cxb4 Bxf4 14. d4 Bh6 15. g4
Ne4 16. Ra2 a5 17. Rg2 f6 18. h4 g6 19. g5 Bg7 20. Nfd2 Nxd2 21. Bxd2 axb4 22.
axb4 fxg5 23. hxg5 Nxb4 24. Bxb4 Rxf1+ 25. Qxf1 Qxb4 26. Rc2 Ra1 27. Rc1 e5 28.
dxe5 Qg4+ 29. Kh1 Ra2 30. e6 Qh5+ 31. Kg1 Qh2# 0-1

[Event "AUTO-OPEN-203"]
[Site "http://www.queenalice.com/game.php?id=110135"]
[Date "2006.9.26"]
[Round "3"]
[White "denisaja"]
[Black "musampa"]
[Result "1-0"]
[WhiteElo "2075"]
[BlackElo "1963"]

1. e4 e5 2. Bc4 Nf6 3. d3 h6 4. Nf3 d6 5. O-O Bg4 6. Nc3 a6 7. Be3 b5 8. Bb3 c6
9. h3 Bh5 10. g4 Bg6 11. a3 h5 12. g5 Nh7 13. d4 Nd7 14. dxe5 Nxe5 15. Nxe5 dxe5
16. Qxd8+ Rxd8 17. h4 f6 18. gxf6 gxf6 19. Rfd1 Be7 20. f4 c5 21. Rxd8+ Kxd8 22.
f5 Be8 23. Rd1+ Bd7 24. Nd5 c4 25. Bb6+ Ke8 26. Nc7+ Kd8 27. Nxb5+ Ke8 28. Nc7+
Kd8 29. Nxa6+ Kc8 30. Bxc4 Bc6 31. Bc5 Bd8 32. Be6+ Kb7 33. Nb4 Bc7 34. Nxc6
Kxc6 35. b4 Ra8 36. Bd5+ 1-0

[Event "QA-ANNIV-02"]
[Site "http://www.queenalice.com/game.php?id=128242"]
[Date "2006.11.11"]
[Round "4"]
[White "denisaja"]
[Black "jas70"]
[Result "1-0"]
[WhiteElo "2106"]
[BlackElo "1815"]

1. e4 c5 2. Nf3 Nc6 3. d4 cxd4 4. Nxd4 Nf6 5. Nc3 e5 6. Nxc6 bxc6 7. Bc4 Bb4 8.
Qd3 d5 9. exd5 cxd5 10. Bb5+ Bd7 11. O-O Bxc3 12. Bxd7+ Qxd7 13. Qxc3 Qd6 14. f4
d4 15. fxe5 dxc3 16. exd6 O-O 17. b3 Rad8 18. Bf4 Nd5 19. Rad1 Nb4 20. Rf2 f6
21. a3 Nc6 22. Rf3 Ne5 23. Bxe5 fxe5 24. Rxc3 Rf6 25. d7 Rf7 26. Rc7 e4 27. Rxa7
e3 28. Ra8 Rff8 29. Rxd8 Rxd8 30. Kf1 Kf7 31. c4 Ke6 32. Ke2 Rxd7 33. Rxd7 Kxd7
34. a4 1-0

[Event "AUTO-OPEN-222"]
[Site "http://www.queenalice.com/game.php?id=130026"]
[Date "2006.11.16"]
[Round "3"]
[White "denisaja"]
[Black "Rogerio"]
[Result "1-0"]
[WhiteElo "2098"]
[BlackElo "1945"]

1. d4 Nf6 2. c4 e6 3. Nf3 b6 4. g3 Ba6 5. Qa4 Bb7 6. Bg2 c5 7. O-O cxd4 8. Nxd4
Qc8 9. Bxb7 Qxb7 10. Nc3 Bc5 11. Nb3 Be7 12. Bg5 O-O 13. Nd4 Nc6 14. Nxc6 dxc6
15. Rad1 a6 16. Qb3 c5 17. Bxf6 Bxf6 18. Rd6 Rab8 19. Na4 Bd8 20. Rfd1 Bc7 21.
Rd7 Qc6 22. Nc3 Rfd8 23. Qa4 b5 24. cxb5 axb5 25. Rxd8+ Bxd8 26. Nxb5 Bf6 27.
Nc3 Qb6 28. Rd2 Rd8 29. Qb5 Qc7 30. Rxd8+ Bxd8 31. Qe8# 1-0

[Event "AUTO-OPEN-222"]
[Site "http://www.queenalice.com/game.php?id=130027"]
[Date "2006.11.16"]
[Round "3"]
[White "Rogerio"]
[Black "denisaja"]
[Result "0-1"]
[WhiteElo "1935"]
[BlackElo "2109"]

1. e4 Nf6 2. Nc3 Nc6 3. d4 d5 4. e5 Ne4 5. Nxe4 dxe4 6. c3 f6 7. Be3 Qd5 8. c4
Qa5+ 9. Qd2 Qxd2+ 10. Kxd2 fxe5 11. d5 Nd8 12. g3 Bf5 13. Ne2 e6 14. Nc3 Bb4 15.
Rc1 O-O 16. a3 Bxc3+ 17. Rxc3 Bg4 18. Be2 Bxe2 19. Kxe2 Rf7 20. Rd1 Rd7 21. b4
a5 22. b5 a4 23. Rcc1 Kf7 24. Kf1 Kf6 25. Kg2 exd5 26. cxd5 Nf7 27. Rc2 Nd6 28.
b6 cxb6 29. Bxb6 Rc8 30. Rxc8 Nxc8 31. Be3 Ne7 32. d6 Nf5 33. Bc5 Ke6 34. Re1
Nxd6 35. Bxd6 Rxd6 36. Rxe4 Rd4 37. Re1 b5 38. Rb1 Rd5 39. Kf3 Kf5 40. h3 Rd3+
41. Kg2 Rb3 42. Ra1 Kf6 43. Kf1 Ke6 44. Ke2 Rc3 45. Ra2 Kd5 46. Rb2 Kc6 47. Ra2
e4 48. Kd2 Rd3+ 49. Ke2 Kb6 50. h4 b4 51. axb4 a3 52. Ra1 Kb5 0-1

[Event "AUTO-OPEN-96"]
[Site "http://www.queenalice.com/game.php?id=142658"]
[Date "2006.12.17"]
[Round "3"]
[White "RationalKing"]
[Black "denisaja"]
[Result "0-1"]
[WhiteElo "1956"]
[BlackElo "2124"]

1. e4 e5 2. Nc3 Nf6 3. f4 d5 4. fxe5 Nxe4 5. Qf3 f5 6. exf6 Nxf6 7. d4 Bb4 8.
Qe2+ Ne4 9. Qh5+ g6 10. Qe5+ Kf7 11. Bd2 Re8 12. Qf4+ Bf5 13. O-O-O Bxc3 14.
Bxc3 Nxc3 15. bxc3 Re4 16. Qf3 Ke8 17. h3 Qg5+ 18. Kb1 Re3 19. Qf2 Rxc3 20. Bb5+
Nc6 21. Ba4 Be4 22. Nf3 Bxf3 23. gxf3 Kf8 24. Bb3 Qf5 25. f4 Re8 26. h4 Re4 27.
h5 Rxf4 28. Qd2 Rcf3 29. hxg6 hxg6 30. Rh8+ Ke7 31. Qe2+ Kd6 32. Qb5 Rxd4 33.
Rxd4 Rxb3+ 34. axb3 Qxc2+ 35. Ka1 Qc3+ 36. Ka2 Qxd4 37. Rh2 Nb4+ 38. Ka3 Qa1+
39. Kxb4 b6 40. Rd2 a5+ 0-1

[Event "AUTO-OPEN-96"]
[Site "http://www.queenalice.com/game.php?id=142659"]
[Date "2006.12.17"]
[Round "3"]
[White "denisaja"]
[Black "RationalKing"]
[Result "1-0"]
[WhiteElo "2131"]
[BlackElo "1961"]

1. e4 c5 2. Nf3 d6 3. d4 cxd4 4. Nxd4 Nf6 5. Nc3 a6 6. Bd3 e5 7. Nde2 Nc6 8. Bg5
Be7 9. Bxf6 Bxf6 10. Nd5 O-O 11. O-O Bg4 12. f3 Be6 13. Kh1 Bxd5 14. exd5 Ne7
15. c4 Rc8 16. f4 exf4 17. Nxf4 b6 18. Rf2 Kh8 19. Qh5 g6 20. Qf3 Bd4 21. Re2
Ng8 22. Rae1 Qf6 23. b3 Bc3 24. Rf1 Rce8 25. Qh3 Qg7 26. Qd7 Rxe2 27. Nxe2 Be5
28. Rf3 Nf6 29. Qa7 Qh6 30. h3 Qd2 31. Qxb6 Qxa2 32. Nf4 Qd2 33. Qf2 Qd1+ 34.
Qf1 Qxb3 35. Bxg6 Qxf3 36. Qxf3 hxg6 37. Nd3 Nd7 38. Nxe5 dxe5 39. d6 Kg7 40.
Qc6 Nb8 41. Qc7 1-0

[Event "QA-ANNIV-02"]
[Site "http://www.queenalice.com/game.php?id=150560"]
[Date "2007.1.5"]
[Round "5"]
[White "aknightout"]
[Black "denisaja"]
[Result "0-1"]
[WhiteElo "1995"]
[BlackElo "2116"]

1. Nf3 Nf6 2. g3 b5 3. d3 Bb7 4. Nbd2 Nc6 5. e4 d5 6. exd5 Qxd5 7. Bg2 Qe6+ 8.
Qe2 Nb4 9. Qxe6 fxe6 10. Kd1 Ng4 11. Rf1 Nxh2 12. Nxh2 Bxg2 13. Re1 Bd5 14. a3
Nc6 15. c4 bxc4 16. dxc4 Bg2 17. Nb3 O-O-O+ 18. Kc2 Bh3 19. Bf4 Bf5+ 20. Kc1 Nd4
21. Nxd4 Rxd4 22. b3 Rd3 23. Kb2 g5 24. Be5 Rd2+ 25. Kc3 Rc2+ 26. Kb4 Rg8 27.
Rf1 Bh3 28. Rac1 Re2 29. Rce1 Bxf1 0-1

[Event "QA-ANNIV-02"]
[Site "http://www.queenalice.com/game.php?id=183843"]
[Date "2007.3.17"]
[Round "6"]
[White "denisaja"]
[Black "TheAlchemist"]
[Result "1/2-1/2"]
[WhiteElo "2138"]
[BlackElo "2024"]

1. e4 c5 2. Nf3 d6 3. d4 cxd4 4. Nxd4 Nf6 5. Nc3 a6 6. Bd3 Nc6 7. Nxc6 bxc6 8.
O-O e5 9. f4 Be7 10. fxe5 dxe5 11. Qf3 O-O 12. Be2 Qb6+ 13. Kh1 Bg4 14. Qf2 Qxf2
15. Rxf2 Bxe2 16. Rxe2 Bc5 17. Bg5 Ng4 18. h3 Nf2+ 19. Kh2 f5 20. exf5 Rxf5 21.
Bh4 Raf8 22. g4 Rf3 23. Kg2 Nxh3 24. Bg3 Ng5 25. Rae1 h6 26. Bxe5 Rf2+ 27. Kh1
Nf3 28. Rxf2 Bxf2 29. Re4 Nxe5 30. Rxe5 Bd4 31. Re6 Rf1+ 32. Kg2 Rf2+ 33. Kg3
Rxc2 1/2-1/2

[Event "QA-ANNIV-02"]
[Site "http://www.queenalice.com/game.php?id=210963"]
[Date "2007.5.14"]
[Round "7"]
[White "clauberfm"]
[Black "denisaja"]
[Result "1-0"]
[WhiteElo "2114"]
[BlackElo "2135"]

1. e4 e5 2. Nf3 Nc6 3. Bc4 Bc5 4. O-O Nf6 5. d3 d6 6. c3 O-O 7. a4 a6 8. b4 Ba7
9. Bg5 h6 10. Be3 Bxe3 11. fxe3 Ng4 12. Qe2 Be6 13. Nbd2 Bxc4 14. Nxc4 b5 15.
axb5 axb5 16. Na3 Rb8 17. h3 Nf6 18. Nd2 d5 19. d4 dxe4 20. Nxb5 Qd7 21. Rxf6
gxf6 22. Nxe4 Kg7 23. Nc5 Qc8 24. Rf1 exd4 25. exd4 f5 26. d5 Re8 27. Qd3 Ne5
28. Qg3+ Kh7 29. Nd4 Qd8 30. Nxf5 Qg5 31. Qxg5 hxg5 32. d6 cxd6 33. Nxd6 Re7 34.
Nce4 g4 35. hxg4 Ra7 36. Rf5 Ra1+ 37. Kf2 Nxg4+ 38. Ke2 f6 39. b5 Kg6 40. c4
Rba8 41. Nc3 Rg1 42. Nd5 Rxg2+ 43. Kf3 Rg1 44. Ke4 Ra2 45. b6 Re2+ 46. Kd4 Rh2
47. b7 Rh8 48. Ne7+ Kg7 49. Rb5 f5 50. Nexf5+ Kf6 51. Nc8 Ne5 52. Rxe5 Rd1+ 53.
Kc3 Kxe5 54. b8=Q+ Kxf5 55. Ne7+ Ke6 56. Qxh8 Kxe7 57. Qh4+ 1-0

[Event "QA-ANNIV-03"]
[Site "http://www.queenalice.com/game.php?id=225809"]
[Date "2007.6.15"]
[Round "1"]
[White "markus765432"]
[Black "denisaja"]
[Result "1-0"]
[WhiteElo "2063"]
[BlackElo "2122"]

1. d4 Nf6 2. c4 e6 3. Nc3 Bb4 4. Qc2 c5 5. dxc5 O-O 6. Nf3 Na6 7. e3 Bxc3+ 8.
Qxc3 Nxc5 9. Be2 Nfe4 10. Qc2 Qa5+ 11. Bd2 Qa4 12. Qxa4 Nxa4 13. Bb4 Rd8 14. Be7
Re8 15. Ba3 1-0

[Event "QA-ANNIV-02"]
[Site "http://www.queenalice.com/game.php?id=241930"]
[Date "2007.7.18"]
[Round "8"]
[White "denisaja"]
[Black "togoychess"]
[Result "0-1"]
[WhiteElo "2108"]
[BlackElo "2091"]

1. e4 e6 2. d4 d5 3. Nc3 dxe4 4. Nxe4 Bd7 5. Nf3 Bc6 6. Bd3 Nd7 7. O-O Ngf6 8.
Qe2 Nxe4 9. Bxe4 Bxe4 10. Qxe4 c6 11. Ne5 Nf6 12. Qe3 Nd5 0-1

[Event "QA-ANNIV-04"]
[Site "http://www.queenalice.com/game.php?id=418546"]
[Date "2008.6.16"]
[Round "1"]
[White "denisaja"]
[Black "smagoo"]
[Result "0-1"]
[WhiteElo "2093"]
[BlackElo "2231"]

1. e4 c6 2. Nc3 d5 3. Qf3 dxe4 4. Nxe4 Nd7 5. d4 Ngf6 6. c3 Nxe4 7. Qxe4 Nf6 8.
Qc2 Bg4 9. Bd3 e6 10. f3 Bh5 11. Nh3 Bd6 12. O-O Qc7 13. g3 Bg6 14. Bxg6 hxg6
15. Bf4 Rxh3 16. Bc1 O-O-O 17. Qe2 Rdh8 18. f4 g5 19. Rf2 gxf4 20. Bxf4 Bxf4 21.
gxf4 R8h4 22. Rg2 Nh5 23. Qe5 g6 24. Qc5 b6 25. Qb4 Nxf4 26. Rf2 Rg4+ 27. Kf1
Rg2 28. Rxg2 Nxg2 29. Qf8+ Kb7 30. Ke2 Nf4+ 31. Kd1 Rxh2 32. c4 Rh1+ 33. Kc2
Rxa1 34. Qa3 Qd8 35. Qe3 Qh4 36. Kb3 Qh3 37. Qxh3 Nxh3 38. Kc2 Rf1 39. c5 g5 40.
d5 exd5 0-1

[Event "QA-ANNIV-04"]
[Site "http://www.queenalice.com/game.php?id=445678"]
[Date "2008.8.8"]
[Round "2"]
[White "galaksoda"]
[Black "denisaja"]
[Result "0-1"]
[WhiteElo "1909"]
[BlackElo "2083"]

1. e4 e5 2. Nf3 Nc6 3. Bc4 Bc5 4. O-O Nf6 5. d3 d6 6. c3 Bg4 7. Bg5 O-O 8. Nbd2
h6 9. Bxf6 Qxf6 10. a4 a6 11. a5 Bxf3 12. Nxf3 g5 13. h3 Ne7 14. b4 Ba7 15. Qb3
b5 16. axb6 Bxb6 17. Bxa6 c5 18. b5 h5 19. Bb7 Rab8 20. Bc6 Ng6 21. d4 cxd4 22.
cxd4 exd4 23. Bd7 Rfd8 24. Bf5 Nf4 25. Rfe1 d5 26. g4 dxe4 27. Rxe4 Nxh3+ 28.
Kg2 Nxf2 29. gxh5 Qxf5 0-1

[Event "QA-ANNIV-04"]
[Site "http://www.queenalice.com/game.php?id=479328"]
[Date "2008.10.18"]
[Round "3"]
[White "denisaja"]
[Black "stonkin"]
[Result "0-1"]
[WhiteElo "2092"]
[BlackElo "2010"]

1. e4 e5 2. Bc4 Nf6 3. d3 d5 4. exd5 Nxd5 5. Qf3 Be6 6. Nc3 Bb4 7. Bd2 c6 8. Qg3
Qf6 9. Ne4 Bxd2+ 10. Kxd2 Qh6+ 11. Kd1 Nd7 12. Nf3 f6 13. Nd6+ Ke7 14. Nxb7 a5
15. Bxd5 cxd5 16. b4 axb4 17. d4 Rhb8 18. Nc5 Nxc5 19. dxc5 Rc8 20. Ne1 Rxc5 21.
f3 b3 22. a3 Qe3 23. Qxg7+ Bf7 24. Qxh7 Qd4+ 25. Ke2 Qxa1 26. cxb3 Qb2+ 27. Kf1
Rxa3 28. Qh4 Ra2 29. Kg1 Rc1 30. Qb4+ Ke6 31. Qg4+ f5 32. h4 fxg4 33. Kh2 Rxe1
34. Rg1 Rxg1 0-1

[Event "QA-ANNIV-04"]
[Site "http://www.queenalice.com/game.php?id=578045"]
[Date "2009.4.26"]
[Round "5"]
[White "denisaja"]
[Black "Conran"]
[Result "1-0"]
[WhiteElo "2075"]
[BlackElo "1862"]

1. e4 e6 2. d4 d5 3. Nc3 Bb4 4. e5 c5 5. Bd2 cxd4 6. Nb5 Bxd2+ 7. Qxd2 Nc6 8. f4
Nge7 9. Nd6+ Kf8 10. Ne2 Nf5 11. Nxf5 exf5 12. Nxd4 f6 13. exf6 Qxf6 14. O-O-O
Kf7 15. Nb5 Be6 16. Nc7 Rad8 17. Re1 Rd6 18. Nxe6 Rxe6 19. Qxd5 Rd8 20. Qxe6+
Qxe6 21. Rxe6 Kxe6 22. Bc4+ Kf6 23. Rd1 Rxd1+ 24. Kxd1 Nd4 25. Bd5 b6 26. a4 h6
27. Kd2 Ne6 28. Bxe6 Kxe6 29. Ke3 Kd5 30. Kd3 a5 31. c3 g5 32. g3 g4 33. b3 Kc5
34. Kd2 h5 35. Kd3 b5 36. axb5 Kxb5 37. Kd4 1-0

[Event "QA-ANNIV-04"]
[Site "http://www.queenalice.com/game.php?id=644194"]
[Date "2009.8.29"]
[Round "6"]
[White "razoman"]
[Black "denisaja"]
[Result "0-1"]
[WhiteElo "1843"]
[BlackElo "2082"]

1. e4 e5 2. Nf3 Nc6 3. d4 exd4 4. Nxd4 Nxd4 5. Qxd4 Ne7 6. Bc4 Nc6 7. Qd5 Qf6 8.
O-O Ne5 9. Bb3 c6 10. Qd1 Bc5 11. Be3 Bxe3 12. fxe3 Qe7 13. Nc3 d6 14. Qh5 Bg4
15. Bxf7+ Kd7 16. Qxg4+ Nxg4 17. Bh5 Ne5 18. Rad1 Rhf8 19. Rf5 Nc4 0-1

[Event "QA-ANNIV-04"]
[Site "http://www.queenalice.com/game.php?id=695052"]
[Date "2009.12.9"]
[Round "7"]
[White "denisaja"]
[Black "Bernhardur"]
[Result "0-1"]
[WhiteElo "2088"]
[BlackElo "2079"]

1. e4 c6 2. d4 d5 3. Nc3 dxe4 4. Nxe4 Bf5 5. Ng3 Bg6 6. h4 h6 7. Nf3 Nd7 8. Bd3
Bxd3 9. Qxd3 e6 10. Bf4 Ne7 11. Bd2 Ng6 12. h5 Ne7 13. O-O Nd5 14. Rfe1 Be7 15.
Qb3 Qb6 16. Qxb6 axb6 17. c4 Nb4 18. Bxb4 Bxb4 19. Re3 Ra5 20. Ne5 Bd2 21. Re2
Bf4 22. b4 Ra3 23. Nxd7 Kxd7 24. Kh2 Rha8 25. c5 R8a4 26. Rb2 bxc5 27. bxc5 Rxd4
28. Rxb7+ Bc7 29. Kg1 Rc4 30. Rb3 Rxb3 31. axb3 Rxc5 32. Rf1 Rd5 33. b4 f5 34.
Ne2 Rb5 35. Nd4 Rxb4 36. Rd1 Bd6 37. Nf3 c5 38. Kf1 c4 39. Rc1 Bf4 40. Rd1+ Ke7
41. Nd4 Kf6 42. g3 Bc7 43. Rc1 Bb6 44. Nc6 Rb2 45. f4 Rf2+ 46. Ke1 Rf3 47. Rxc4
Rxg3 48. Ne5 Ba5+ 49. Ke2 Rh3 50. Rc8 Bb4 51. Rc7 Be7 52. Nd7+ Kf7 53. Ne5+ Ke8
54. Rc8+ Bd8 55. Ra8 Rc3 56. Ra6 Ke7 57. Nc6+ Kd7 58. Ne5+ Ke7 59. Nc6+ Ke8 60.
Nxd8 Kxd8 61. Rxe6 Rc4 62. Kf3 Rc5 63. Rg6 Rc7 64. Re6 Re7 65. Re5 Rxe5 66. fxe5
Ke7 67. Ke3 Kf7 68. Kf3 g5 69. hxg6+ Kxg6 70. Kf4 h5 71. Kg3 Kf7 72. Kf4 Ke6 73.
Kg3 Kxe5 74. Kf2 Ke4 75. Ke2 h4 76. Kf2 f4 77. Kg1 Ke3 78. Kh2 f3 79. Kh3 Ke2
80. Kxh4 f2 0-1

[Event "QA-ANNIV-04"]
[Site "http://www.queenalice.com/game.php?id=762125"]
[Date "2010.4.16"]
[Round "8"]
[White "Krummenauer"]
[Black "denisaja"]
[Result "0-1"]
[WhiteElo "1896"]
[BlackElo "2072"]

1. d4 Nf6 2. c4 g6 3. Nc3 Bg7 4. e4 O-O 5. Nf3 d6 6. Be2 Nc6 7. Be3 e6 8. O-O
Ng4 9. h3 Nxe3 10. fxe3 Bh6 11. Qd2 f5 12. exf5 Rxf5 13. d5 exd5 14. cxd5 Qe7
15. Nd1 Ne5 16. Nxe5 Rxe5 17. Kh1 Bxe3 18. Nxe3 Rxe3 19. Rae1 Re5 20. Qh6 Bd7
21. Rf2 Bb5 22. Bg4 Rxe1+ 0-1

[Event "QA-ANNIV-04"]
[Site "http://www.queenalice.com/game.php?id=808029"]
[Date "2010.7.24"]
[Round "9"]
[White "denisaja"]
[Black "Pato"]
[Result "0-1"]
[WhiteElo "2081"]
[BlackElo "1992"]

1. e4 e5 2. Bc4 Nf6 3. d3 Bc5 4. Nf3 c6 5. Nxe5 Qa5+ 6. Ke2 O-O 7. d4 d5 8. dxc5
dxc4 9. Qd4 Re8 10. Nxc4 Qa6 11. f3 Be6 12. Na3 Nbd7 13. Bf4 b6 14. cxb6 Nxb6
15. b3 Rad8 16. Qc5 Nfd7 17. Qa5 Qb7 0-1